000 00609nam a2200229Ia 4500
003 OSt
005 20221007080701.0
006 a|||||r|||| 00| 0
007 ta
008 221006b |||||||| |||| 00| 0 eng d
024 _a13,291
037 _cTextual
040 _aFLL
_cFLL
_beng
041 _2eng
_aeng
082 _aV3:57.N7, L6
100 _aHaiman F.S. Au.
_9695240
245 0 _aFreedom of speech
260 _aNew York
_bAmerican civil liberties union U.S.A.
_c1976
300 _a221p
_ccm.
942 _hV3:57.N7, L6
_cTEXL
_2CC
999 _c1160532
_d1160532